'R' Vocabulary (Hard) Quiz Stats

 Plays Quiz Updated Mar 4, 2018

Challenge
Share
Tweet
Embed
Score 0/24 Timer 09:00
4 Plays Today
% Correct
recompense
93.8%
ruminate
81.7%
rotelle
80.6%
ramekin
79.5%
relegate
77.9%
reveille
77.4%
roux
76.4%
raucous
75.6%
rheum
75.2%
replete
72.2%
raiment
69.8%
recapitulate
69.7%
% Correct
retrochoir
67.8%
rancor
66.2%
repudiate
65.4%
reticent
63.8%
rectitude
61.3%
reprobate
60.8%
restitute
58.3%
resupinate
54.9%
recalcitrant
54.1%
ruminant
53.6%
rapine
42%
refulgent
41.5%

You're not logged in!

Compare scores with friends on all Sporcle quizzes.
OR
Log In

You Might Also Like...

Show Comments

Extras

Top Quizzes Today


Score Distribution

Your Account Isn't Verified!

In order to create a playlist on Sporcle, you need to verify the email address you used during registration. Go to your Sporcle Settings to finish the process.

Report this User

Report this user for behavior that violates our Community Guidelines.

Details: